[Event "DVM U12w 2022"]
[Site "Berlin GER"]
[Date "2022.12.27"]
[Round "3"]
[White "Shynkar, Daria"]
[Black "Leicher, Anna"]
[Result "0-1"]
[Termination "normal"]
[Board "1.1"]
[WhiteElo "1089"]
[BlackElo "1248"]
[WhiteTeam "SchachAkademiePaderborn e. V."]
[BlackTeam "FC Bayern München e.V."]
[PlyCount "94"]
[WhiteFideId "34163212"]
[BlackFideId "34614966"]
[EventCountry "GER"]
[EventRounds "7"]
[EventType "team-swiss"]
[EventDate "2022.12.26"]

1. d4 d5 2. c4 c6 3. e3 Nf6 4. Nc3 e6 5. Nf3 Be7 6. cxd5 exd5 7. Bd3 O-O 8. Qc2
Re8 9. O-O g6 10. h3 Nbd7 11. a3 Nf8 12. b4 b6 13. Ne5 Bb7 14. Bb2 c5 15. dxc5
bxc5 16. bxc5 Bxc5 17. Ne2 Ne6 18. Nf3 Rc8 19. Qb1 Rb8 20. Rd1 Bc6 21. Qa2 Ba4
22. Rd2 Bb3 23. Qb1 Be7 24. Bc2 Qa5 25. Bxb3 Rxb3 26. Qa2 Qb5 27. Ned4 Nxd4 28.
Nxd4 Rxb2 29. Rxb2 Qd3 30. Rd2 Qc3 31. Qc2 Qxa1 32. Rd1 Qxa3 33. Nc6 Bd6 34.
Rd3 Qa6 35. Nd4 Rc8 36. Qd1 Ne4 37. Nf3 Qa2 38. Qf1 Rc2 39. Qe1 Nxf2 40. Rd2
Rxd2 41. Nxd2 Nd3 42. Qd1 a6 43. e4 Bc5 44. Kh2 Bb4 45. Nf1 Ne1 46. Ne3 Bd6 47.
Kh1 Qf2 0-1

[Event "DVM U12w 2022"]
[Site "Berlin GER"]
[Date "2022.12.27"]
[Round "3"]
[White "Ramakrishnan, Veda"]
[Black "Hladeniuk, Yelyzaveta"]
[Result "1-0"]
[Termination "normal"]
[Board "1.2"]
[WhiteElo "1142"]
[BlackElo "1146"]
[WhiteTeam "FC Bayern München e.V."]
[BlackTeam "SchachAkademiePaderborn e. V."]
[PlyCount "53"]
[WhiteFideId "16269519"]
[BlackFideId "34176128"]
[EventCountry "GER"]
[EventRounds "7"]
[EventType "team-swiss"]
[EventDate "2022.12.26"]

1. d4 Nf6 2. c4 e6 3. a3 d5 4. e3 c5 5. Nc3 b6 6. Bd3 Bb7 7. Nf3 Be7 8. O-O O-O
9. Re1 Nc6 10. Qe2 Bd6 11. dxc5 bxc5 12. Nb5 Ne5 13. Nxd6 Qxd6 14. Nxe5 Qxe5
15. Bd2 Rab8 16. Bc3 d4 17. exd4 Qxe2 18. Bxe2 cxd4 19. Bxd4 Bc6 20. b4 Rfc8
21. Bxa7 Ra8 22. Bd4 Ba4 23. Bf3 Ra6 24. Bb7 Rac6 25. Bxc8 Rxc8 26. Bxf6 gxf6
27. c5 1-0

[Event "DVM U12w 2022"]
[Site "Berlin GER"]
[Date "2022.12.27"]
[Round "3"]
[White "Cao, Weiqi"]
[Black "Mauhs, Helena"]
[Result "1-0"]
[Termination "normal"]
[Board "1.3"]
[WhiteElo "1116"]
[BlackElo "1122"]
[WhiteTeam "SchachAkademiePaderborn e. V."]
[BlackTeam "FC Bayern München e.V."]
[PlyCount "93"]
[WhiteFideId "34630112"]
[BlackFideId "34630279"]
[EventCountry "GER"]
[EventRounds "7"]
[EventType "team-swiss"]
[EventDate "2022.12.26"]

1. d4 d5 2. Nf3 Bf5 3. g3 c6 4. Bg2 e6 5. O-O Nf6 6. b3 Be7 7. c4 Nbd7 8. Nc3
O-O 9. Nh4 Re8 10. Nxf5 exf5 11. cxd5 Bb4 12. dxc6 bxc6 13. Na4 Qe7 14. Bxc6
Qxe2 15. Bxa8 Qxd1 16. Rxd1 Rxa8 17. Bd2 Bd6 18. Rac1 Ne4 19. Be1 f4 20. Nc3
Re8 21. Nxe4 h6 22. Nxd6 Re6 23. Nb5 fxg3 24. hxg3 Re2 25. a4 Rb2 26. Rc3 a6
27. Rc7 Nf6 28. Nd6 Rxb3 29. Nxf7 Ra3 30. d5 Rxa4 31. d6 Ne8 32. d7 Nxc7 33.
d8=Q Kxf7 34. Qxc7 Ke6 35. Qc6 Ke5 36. Qxa4 Ke6 37. Qxa6 Ke5 38. Qa4 Kf5 39.
Rd5 Ke6 40. Qe4 Kf6 41. Qf5 Ke7 42. Qd7 Kf6 43. Qc6 Kf7 44. Rd7 Kg8 45. Qc2 h5
46. Qf5 h4 47. Rd8# 1-0

[Event "DVM U12w 2022"]
[Site "Berlin GER"]
[Date "2022.12.27"]
[Round "3"]
[White "Grey, Paula"]
[Black "Achilles, Rosa"]
[Result "0-1"]
[Termination "normal"]
[Board "1.4"]
[WhiteElo "821"]
[BlackElo "996"]
[WhiteTeam "FC Bayern München e.V."]
[BlackTeam "SchachAkademiePaderborn e. V."]
[PlyCount "64"]
[WhiteFideId "34630180"]
[BlackFideId "34630066"]
[EventCountry "GER"]
[EventRounds "7"]
[EventType "team-swiss"]
[EventDate "2022.12.26"]

1. e4 e6 2. d4 d5 3. exd5 Qxd5 4. Nf3 c5 5. c3 Nc6 6. Be3 g6 7. Bb5 Bd7 8. O-O
cxd4 9. cxd4 Qxb5 10. Qc2 Nf6 11. Nc3 Qa6 12. Rfe1 Be7 13. Ne5 Nb4 14. Qb3 Bb5
15. Nxb5 Qxb5 16. Bd2 O-O 17. a3 Qd5 18. Qc3 Rfc8 19. Qh3 Nc2 20. Rab1 Nxe1 21.
Rxe1 Qxd4 22. Bc3 Qd5 23. b4 Qb3 24. Ra1 Rxc3 25. g3 Rac8 26. Qh4 Qd5 27. Qf4
Bd6 28. h3 Bxe5 29. Qg5 h6 30. Qe3 Rxe3 31. fxe3 Rc2 32. Rf1 Qg2# 0-1

[Event "DVM U12w 2022"]
[Site "Berlin GER"]
[Date "2022.12.27"]
[Round "3"]
[White "Richter, Johanna"]
[Black "Xiao, Yiyi"]
[Result "0-1"]
[Termination "normal"]
[Board "2.1"]
[WhiteElo "1390"]
[BlackElo "1162"]
[WhiteTeam "Sfr. Heidesheim"]
[BlackTeam "SC Weisse Dame e.V."]
[PlyCount "98"]
[WhiteFideId "16278925"]
[BlackFideId "34605665"]
[EventCountry "GER"]
[EventRounds "7"]
[EventType "team-swiss"]
[EventDate "2022.12.26"]

1. d4 e6 2. c4 Nf6 3. Nc3 d5 4. cxd5 exd5 5. Bg5 Be7 6. e3 Be6 7. Bd3 O-O 8.
Qc2 h6 9. Bh4 Nc6 10. a3 Qd7 11. Nge2 a6 12. Nf4 Rad8 13. Nxe6 fxe6 14. O-O-O
Na5 15. f4 Nc4 16. Bxc4 dxc4 17. Bxf6 Bxf6 18. Ne4 b5 19. Nc5 Qc6 20. Kb1 Be7
21. Qe4 Rd6 22. Rc1 a5 23. Qxc6 Rxc6 24. Ne4 Rb8 25. Ka2 b4 26. a4 b3 27. Ka1
Rb4 28. Nc3 Rb8 29. g4 g5 30. Rhf1 Bb4 31. Ne4 Be7 32. h3 Kg7 33. Rf2 Rb4 34.
Nc3 Rb8 35. Rf3 Bb4 36. Ne4 Rd8 37. f5 exf5 38. Rxf5 Rb8 39. Nc3 Re8 40. Rf3
Rb8 41. Ne2 Kg6 42. e4 Re8 43. e5 Rce6 44. Rxc4 c5 45. Rf6 Rxf6 46. exf6 Rxe2
47. Rc1 cxd4 48. Kb1 d3 49. f7 d2 0-1

[Event "DVM U12w 2022"]
[Site "Berlin GER"]
[Date "2022.12.27"]
[Round "3"]
[White "Zhou, Leyi Charlotte"]
[Black "Bakó, Isabella"]
[Result "1/2-1/2"]
[Termination "normal"]
[Board "2.2"]
[WhiteElo "1320"]
[BlackElo "1202"]
[WhiteTeam "SC Weisse Dame e.V."]
[BlackTeam "Sfr. Heidesheim"]
[PlyCount "102"]
[WhiteFideId "16258100"]
[BlackFideId "16287266"]
[EventCountry "GER"]
[EventRounds "7"]
[EventType "team-swiss"]
[EventDate "2022.12.26"]

1. e4 c5 2. Nf3 d6 3. d4 cxd4 4. Qxd4 a6 5. Nc3 Nc6 6. Qd1 g6 7. Bc4 h6 8. O-O
Bg7 9. Re1 Nf6 10. Bf4 Nd7 11. Qe2 Nb6 12. Bb3 O-O 13. Rad1 Na5 14. e5 Nxb3 15.
axb3 d5 16. Qd2 g5 17. Be3 e6 18. Bc5 Re8 19. Qd4 Nd7 20. Na4 Nxc5 21. Nxc5 b6
22. Ne4 Rf8 23. c4 f6 24. cxd5 fxe5 25. Nxe5 Qxd5 26. Qxd5 exd5 27. Rxd5 Bb7
28. Rd7 Bxe4 29. Rxe4 Rfe8 30. Rd5 Re6 31. f3 Rae8 32. Nc4 Rxe4 33. fxe4 Rxe4
34. Nxb6 Bd4 35. Rxd4 Rxd4 36. Nc4 Rd3 37. Na5 Rd5 38. Nc4 Rb5 39. Nd2 Kf7 40.
Kf2 Ke6 41. Kf3 Re5 42. Nc4 Rf5 43. Kg3 h5 44. h3 Rf4 45. Kh2 Rh4 46. g3 Re4
47. Kg2 h4 48. gxh4 gxh4 49. Kf3 Rd4 50. Ke3 Kd5 51. Nb6 Ke5 1/2-1/2

[Event "DVM U12w 2022"]
[Site "Berlin GER"]
[Date "2022.12.27"]
[Round "3"]
[White "Krannich, Eva"]
[Black "John, Linnea"]
[Result "1/2-1/2"]
[Termination "normal"]
[Board "2.3"]
[WhiteElo "948"]
[BlackElo "1326"]
[WhiteTeam "Sfr. Heidesheim"]
[BlackTeam "SC Weisse Dame e.V."]
[PlyCount "81"]
[WhiteFideId "34639713"]
[BlackFideId "34623680"]
[EventCountry "GER"]
[EventRounds "7"]
[EventType "team-swiss"]
[EventDate "2022.12.26"]

1. e3 c5 2. f4 d6 3. c3 e5 4. d4 exf4 5. exf4 cxd4 6. cxd4 Nf6 7. Nf3 Be7 8.
Bd3 O-O 9. O-O Nc6 10. Be3 Nd5 11. Bd2 Qb6 12. Nc3 Nf6 13. b3 Nxd4 14. Be3 Nxf3
15. Rxf3 Qa5 16. Qc2 Bg4 17. Rg3 Rac8 18. Bd2 Qb6 19. Kh1 d5 20. Bxh7 Nxh7 21.
Rxg4 d4 22. Re1 dxc3 23. Rxe7 cxd2 24. Qxd2 Qf6 25. Re1 Qf5 26. h3 Nf6 27. Rg3
Ne4 28. Rxe4 Qxe4 29. Qb2 g6 30. Rg4 Qc2 31. Qf6 Qc1 32. Kh2 Qc3 33. Qh4 Qh8
34. Qf2 a6 35. a4 Qc3 36. Qh4 Qxb3 37. Qh6 Qc3 38. Qh4 Qg7 39. Qg5 f6 40. Qd5
Qf7 41. Qf3 1/2-1/2

[Event "DVM U12w 2022"]
[Site "Berlin GER"]
[Date "2022.12.27"]
[Round "3"]
[White "Bauer, Laura Sophie"]
[Black "Abram, Kristina-Maria"]
[Result "0-1"]
[Termination "normal"]
[Board "3.1"]
[WhiteElo "1388"]
[BlackElo "1166"]
[WhiteTeam "Schachfreunde Roding"]
[BlackTeam "Hamburger SK von 1830 eV"]
[PlyCount "53"]
[WhiteFideId "16253647"]
[BlackFideId "16298349"]
[EventCountry "GER"]
[EventRounds "7"]
[EventType "team-swiss"]
[EventDate "2022.12.26"]

1. e4 b6 2. d4 Bb7 3. Nc3 Nf6 4. f3 e6 5. Bd3 d5 6. Be3 Bb4 7. e5 Nfd7 8. a3
Bxc3 9. bxc3 c5 10. f4 c4 11. Be2 f6 12. Nh3 O-O 13. O-O Nc6 14. Bg4 f5 15. Bf3
Qe7 16. Kh1 Kh8 17. Rg1 Rg8 18. g4 g6 19. Qe1 Rg7 20. Qf2 Rag8 21. gxf5 gxf5
22. Ng5 h6 23. Qh4 Rh7 24. Bh5 hxg5 25. fxg5 Ndxe5 26. Qh3 Ng4 27. Bf4 0-1

[Event "DVM U12w 2022"]
[Site "Berlin GER"]
[Date "2022.12.27"]
[Round "3"]
[White "Yan, Jenny"]
[Black "Schwarzfischer, Julia"]
[Result "0-1"]
[Termination "normal"]
[Board "3.2"]
[WhiteElo "954"]
[BlackElo "1272"]
[WhiteTeam "Hamburger SK von 1830 eV"]
[BlackTeam "Schachfreunde Roding"]
[PlyCount "48"]
[WhiteFideId "34630376"]
[BlackFideId "16268105"]
[EventCountry "GER"]
[EventRounds "7"]
[EventType "team-swiss"]
[EventDate "2022.12.26"]

1. d4 d5 2. c4 e6 3. Nc3 Nf6 4. Bg5 Nbd7 5. Nf3 Be7 6. Nd2 a6 7. e3 O-O 8. Bd3
dxc4 9. Bxc4 b5 10. Bb3 Bb7 11. O-O c5 12. dxc5 Nxc5 13. Bc2 Qc7 14. h3 Rfd8
15. Qe2 Ncd7 16. Rac1 Ne5 17. Nxb5 Nf3 18. gxf3 Qd7 19. Nd4 e5 20. N4b3 Qxh3
21. e4 Nh5 22. Rfd1 Rd6 23. -- Rg6 24. Qe3 Bxg5 0-1

[Event "DVM U12w 2022"]
[Site "Berlin GER"]
[Date "2022.12.27"]
[Round "3"]
[White "Schwarzfischer, Ramona"]
[Black "Fomenkova, Elina"]
[Result "1-0"]
[Termination "normal"]
[Board "3.3"]
[WhiteElo "796"]
[BlackElo "996"]
[WhiteTeam "Schachfreunde Roding"]
[BlackTeam "Hamburger SK von 1830 eV"]
[PlyCount "113"]
[WhiteFideId "16268113"]
[BlackFideId "34623760"]
[EventCountry "GER"]
[EventRounds "7"]
[EventType "team-swiss"]
[EventDate "2022.12.26"]

{normal} 1. e4 c5 2. Nc3 Nc6 3. Bb5 e5 4. Nf3 a6 5. Bxc6 dxc6 6. Nxe5 Nf6 7. d3
Bd6 8. Nc4 Bc7 9. f3 b5 10. Ne3 O-O 11. O-O Nh5 12. Ne2 Re8 13. d4 c4 14. c3
Re6 15. Nf5 Rg6 16. Qc2 a5 17. e5 Re6 18. Nf4 Nxf4 19. Bxf4 Re8 20. Qd2 Bxf5
21. Rae1 b4 22. g4 Bd3 23. Rf2 Qh4 24. Bg5 Qh3 25. Qf4 h6 26. Rg2 hxg5 27. Qxg5
Qxf3 28. h4 a4 29. h5 a3 30. h6 Bg6 31. Rh2 Qg3 32. Rg2 Qf3 33. Rf1 Qd5 34. Rh2
f6 35. Qxg6 Qf7 36. h7 Kh8 37. Qxf7 axb2 38. exf6 Bxh2 39. Kxh2 Rg8 40. Qxg8
Rxg8 41. hxg8=Q Kxg8 42. f7 Kf8 43. a4 bxc3 44. a5 c2 45. a6 b1=Q 46. a7 Qa2
47. Kh3 Qxa7 48. Kh4 Qxd4 49. Kh5 Qd5 50. g5 g6 51. Kxg6 Qe6 52. Kh5 Qe2 53.
Kh6 Qxf1 54. g6 Qh3 55. Kg5 Qe3 56. Kf6 c1=Q 57. g7# 1-0

[Event "DVM U12w 2022"]
[Site "Berlin GER"]
[Date "2022.12.27"]
[Round "3"]
[White "Hoffmann, Svenja"]
[Black "Prokscha, Charlotte"]
[Result "1-0"]
[Termination "normal"]
[Board "4.1"]
[WhiteElo "1431"]
[BlackElo "1430"]
[WhiteTeam "Schachzwerge Magdeburg"]
[BlackTeam "SC Garching 1980 e.V. 1"]
[PlyCount "107"]
[WhiteFideId "16287312"]
[BlackFideId "34614699"]
[EventCountry "GER"]
[EventRounds "7"]
[EventType "team-swiss"]
[EventDate "2022.12.26"]

1. e4 c5 2. Nf3 e6 3. c3 Nc6 4. d4 cxd4 5. cxd4 Nf6 6. Nc3 Bb4 7. Bd3 h6 8. O-O
a6 9. a3 Be7 10. e5 Nh7 11. Re1 Ng5 12. Be3 d6 13. exd6 Qxd6 14. Ne4 Nxe4 15.
Bxe4 O-O 16. Qd2 e5 17. Rac1 exd4 18. Nxd4 Nxd4 19. Qxd4 Rb8 20. h3 b5 21. Red1
Qxd4 22. Rxd4 Bf6 23. Rd2 Re8 24. Bc6 Rxe3 25. fxe3 b4 26. axb4 Rxb4 27. Bd5
Bf5 28. b3 Bg5 29. Kf2 Bh4 30. g3 Bf6 31. g4 Be6 32. Bc4 a5 33. Ra2 Bd8 34.
Bxe6 fxe6 35. Rc8 Rxb3 36. Rxd8 Kf7 37. Rxa5 Rb2 38. Kf3 Rh2 39. Kg3 Re2 40.
Rd3 Re1 41. Ra2 Rg1 42. Rg2 Rf1 43. e4 Re1 44. Kf3 Rh1 45. Kf4 Rf1 46. Rf3 Ra1
47. h4 Ra5 48. g5 e5 49. Kg4 Kg8 50. gxh6 gxh6 51. Kh5 Kh7 52. Rf7 Kh8 53. Rg6
Ra8 54. Kxh6 1-0

[Event "DVM U12w 2022"]
[Site "Berlin GER"]
[Date "2022.12.27"]
[Round "3"]
[White "Doberchak, Emily Alice"]
[Black "Rössling, Laura Marie"]
[Result "0-1"]
[Termination "normal"]
[Board "4.2"]
[WhiteElo "883"]
[BlackElo "1360"]
[WhiteTeam "SC Garching 1980 e.V. 1"]
[BlackTeam "Schachzwerge Magdeburg"]
[PlyCount "35"]
[WhiteFideId "34630139"]
[BlackFideId "16289471"]
[EventCountry "GER"]
[EventRounds "7"]
[EventType "team-swiss"]
[EventDate "2022.12.26"]

1. e4 c5 2. Nc3 Nf6 3. Nf3 d6 4. Be2 g6 5. d3 Bg7 6. Bd2 O-O 7. O-O Nc6 8. a3
Bd7 9. h3 Rc8 10. Nh2 Nd4 11. Nf3 Nb5 12. a4 Nxc3 13. Bxc3 Qb6 14. b3 Bc6 15.
Qe1 Qc7 16. b4 cxb4 17. Bxb4 {Nicht Nachvollziehbar, Notation nicht erkennbar}
Nd5 18. d4 0-1

[Event "DVM U12w 2022"]
[Site "Berlin GER"]
[Date "2022.12.27"]
[Round "3"]
[White "Breja, Eva"]
[Black "Berger, Jennifer"]
[Result "0-1"]
[Termination "normal"]
[Board "4.3"]
[WhiteElo "988"]
[BlackElo "918"]
[WhiteTeam "Schachzwerge Magdeburg"]
[BlackTeam "SC Garching 1980 e.V. 1"]
[PlyCount "134"]
[WhiteFideId "34639632"]
[BlackFideId "34630074"]
[EventCountry "GER"]
[EventRounds "7"]
[EventType "team-swiss"]
[EventDate "2022.12.26"]

{normal} 1. e4 e5 2. Nf3 Nc6 3. Bc4 Bc5 4. c3 d6 5. d4 Bb6 6. O-O Bg4 7. dxe5
Nxe5 8. Nbd2 Nf6 9. Qa4 c6 10. Nxe5 dxe5 11. b4 a6 12. Qb3 O-O 13. h3 Bh5 14.
Qc2 Bg6 15. Bd3 Qd7 16. Nf3 Rad8 17. Nxe5 Qd6 18. Nc4 Qxd3 19. Qxd3 Bxf2 20.
Rxf2 Rxd3 21. Ne5 Rd1 22. Rf1 Rxf1 23. Kxf1 Nxe4 24. Bb2 Re8 25. Nc4 Nxc3 26.
Nd6 Re3 27. Nc4 Bd3 28. Kf2 Re2 29. Kf3 Bxc4 30. Bxc3 Rxa2 31. Rd1 Be2 32. Ke4
Bxd1 33. Ke5 Rc2 34. Bd4 Rxg2 35. Kd6 Rd2 36. Kc5 b6 37. Kc4 b5 38. Kc5 Rc2 39.
Kb6 Bf3 40. Kxa6 f5 41. h4 Rc4 42. Be5 Rxh4 43. Ka5 g5 44. Bf6 Rg4 45. Kb6 h5
46. Kc5 h4 47. Bxg5 Rxg5 48. Kd4 h3 49. Ke3 h2 50. Kxf3 h1=Q 51. Kf4 Qe4 52.
Kxg5 Qxb4 53. Kxf5 Qe7 54. Kf4 Kf8 55. Kf3 Ke8 56. Kf2 Kd7 57. Kf3 Kd6 58. Kf2
Kd5 59. Kf3 b4 60. Kf4 Kd4 61. Kf3 Qe3 62. Kg4 Qf2 63. Kg5 Ke5 64. Kg6 Qf6 65.
Kh5 Qg7 66. Kh4 Kf4 67. Kh5 Qg5# 0-1

[Event "DVM U12w 2022"]
[Site "Berlin GER"]
[Date "2022.12.27"]
[Round "3"]
[White "Anaparthi, Anika"]
[Black "Lahne, Paula"]
[Result "0-1"]
[Termination "normal"]
[Board "4.4"]
[WhiteElo "833"]
[BlackElo "873"]
[WhiteTeam "SC Garching 1980 e.V. 1"]
[BlackTeam "Schachzwerge Magdeburg"]
[PlyCount "86"]
[WhiteFideId "34639608"]
[BlackFideId "34639730"]
[EventCountry "GER"]
[EventRounds "7"]
[EventType "team-swiss"]
[EventDate "2022.12.26"]

{normal} 1. e4 e5 2. Nf3 Nc6 3. Nc3 Bc5 4. Bb5 a6 5. Bxc6 dxc6 6. Nxe5 Qd4 7.
O-O Qxe5 8. d4 Bxd4 9. Re1 Ba7 10. h3 Qf6 11. Qe2 Qg6 12. Qf3 Nf6 13. Bf4 Bb6
14. Rad1 O-O 15. Be3 Re8 16. Na4 Bxe3 17. Rxe3 b5 18. Nc3 Be6 19. a3 a5 20. b4
axb4 21. axb4 Qh5 22. Qg3 Ra3 23. Rc1 Rxc3 24. Rxc3 Nxe4 25. Qe3 Nxc3 26. Qxc3
Qg5 27. Qxc6 Qxc1 28. Kh2 Rc8 29. Qxb5 h6 30. Qc6 Qd2 31. b5 Qxf2 32. b6 cxb6
33. Qd6 Rxc2 34. Qd8 Kh7 35. Qd3 g6 36. Qg3 Qxg3 37. Kxg3 b5 38. Kf3 b4 39. Ke3
Bc4 40. Kd4 b3 41. Kc5 b2 42. Kb4 b1=Q 43. Ka4 Ra2# 0-1

[Event "DVM U12w 2022"]
[Site "Berlin GER"]
[Date "2022.12.27"]
[Round "3"]
[White "Vogt, Luna"]
[Black "Martin, Helene"]
[Result "1-0"]
[Termination "normal"]
[Board "5.1"]
[WhiteElo "1345"]
[BlackElo "1059"]
[WhiteTeam "Schachgemeinschaft Porz e. V."]
[BlackTeam "Schachklub König Plauen"]
[PlyCount "89"]
[WhiteFideId "34607153"]
[BlackFideId "34639780"]
[EventCountry "GER"]
[EventRounds "7"]
[EventType "team-swiss"]
[EventDate "2022.12.26"]

{normal} 1. d4 Nf6 2. c4 g6 3. Nc3 Bg7 4. Nf3 O-O 5. e4 d6 6. Be3 c6 7. g3 b6
8. Bg2 Bb7 9. O-O Nbd7 10. Qc2 c5 11. d5 Ne5 12. Nxe5 dxe5 13. Bh3 Ba6 14. b3
Re8 15. Rad1 Qc7 16. Na4 Rab8 17. Nb2 b5 18. Nd3 bxc4 19. bxc4 Nxe4 20. f3 Nd6
21. Nxc5 Nxc4 22. Nxa6 Qb7 23. Qxc4 Rbc8 24. Bxc8 Rxc8 25. Rb1 Qd7 26. Qb5 Qd8
27. Rfc1 Rxc1 28. Rxc1 e6 29. Qb8 Qxb8 30. Nxb8 exd5 31. Nc6 e4 32. fxe4 dxe4
33. Rc4 f5 34. Nxa7 Be5 35. a4 Bb8 36. Rc8 Kf7 37. Rxb8 h5 38. Nc6 Ke6 39. Nd4
Kd5 40. a5 Kc4 41. a6 Kd3 42. Rb3 Kc4 43. a7 g5 44. a8=Q g4 45. Qc6# 1-0

[Event "DVM U12w 2022"]
[Site "Berlin GER"]
[Date "2022.12.27"]
[Round "3"]
[White "Ploss, Aliya"]
[Black "Brandt, Clara"]
[Result "0-1"]
[Termination "normal"]
[Board "5.2"]
[WhiteElo "950"]
[BlackElo "1163"]
[WhiteTeam "Schachklub König Plauen"]
[BlackTeam "Schachgemeinschaft Porz e. V."]
[PlyCount "118"]
[WhiteFideId "34622357"]
[BlackFideId "34614737"]
[EventCountry "GER"]
[EventRounds "7"]
[EventType "team-swiss"]
[EventDate "2022.12.26"]

{normal} 1. e4 e6 2. Nf3 d5 3. exd5 exd5 4. d4 Nc6 5. Nc3 Bb4 6. Bd2 Nge7 7.
Bd3 O-O 8. O-O Bf5 9. Bxf5 Nxf5 10. a3 Bxc3 11. Bxc3 f6 12. Qd3 Nfe7 13. Nh4
Qd7 14. Qg3 Nd8 15. Bd2 Nf7 16. Rae1 Rfe8 17. Re3 Qd6 18. Bb4 Qxg3 19. fxg3 Nc6
20. Rfe1 Rxe3 21. Rxe3 Nxd4 22. Re7 Rc8 23. Ba5 b6 24. Bd2 Nxc2 25. Re2 Nd4 26.
Re1 c6 27. b4 c5 28. bxc5 bxc5 29. Be3 Nc2 30. Re2 Nxa3 31. Bxc5 Nb5 32. Nf5
Rd8 33. Ne7 Kh8 34. Rb2 a6 35. Rd2 d4 36. Nf5 d3 37. Ne3 h6 38. Nd1 Ne5 39. Nb2
Nc3 40. Be3 Kh7 41. Bf4 Na2 42. Bxe5 fxe5 43. Nxd3 Nb4 44. Kf2 Rxd3 45. Rxd3
Nxd3 46. Ke3 Nb4 47. Ke4 Nc6 48. Kd5 a5 49. h4 a4 50. Kxc6 e4 51. Kd7 e3 52. h5
e2 53. Kd8 e1=Q 54. Kc8 a3 55. Kb8 a2 56. Kb7 a1=R 57. Kb6 Qc3 58. Kb7 Rb1 59.
Ka8 Qa5# 0-1

[Event "DVM U12w 2022"]
[Site "Berlin GER"]
[Date "2022.12.27"]
[Round "3"]
[White "Ramien, Eva"]
[Black "Winkler, Frida"]
[Result "1/2-1/2"]
[Termination "normal"]
[Board "5.3"]
[WhiteElo "915"]
[BlackElo "1133"]
[WhiteTeam "Schachgemeinschaft Porz e. V."]
[BlackTeam "Schachklub König Plauen"]
[PlyCount "111"]
[WhiteFideId "16275390"]
[BlackFideId "34622322"]
[EventCountry "GER"]
[EventRounds "7"]
[EventType "team-swiss"]
[EventDate "2022.12.26"]

{normal} 1. e4 c5 2. Nc3 Nc6 3. Bb5 d6 4. Bxc6 bxc6 5. f4 Nf6 6. Nf3 e6 7. O-O
Be7 8. d3 O-O 9. Qe1 Qc7 10. Qg3 Nh5 11. Qg4 g6 12. Nh4 f5 13. exf5 exf5 14.
Qh3 Ba6 15. Nf3 d5 16. Ng5 Qd7 17. Qe3 Rfe8 18. Qe6 Qxe6 19. Nxe6 Bd6 20. Ng5
h6 21. Nh3 d4 22. Nd1 Re2 23. c4 dxc3 24. Nxc3 Re6 25. Bd2 Bxd3 26. Rfe1 Rae8
27. Rxe6 Rxe6 28. Rd1 Be4 29. Nxe4 Rxe4 30. Be3 Bxf4 31. Bxc5 Be3 32. Bxe3 Rxe3
33. Rd8 Kf7 34. Rd7 Re7 35. Rd6 Rc7 36. b4 Kg7 37. a4 g5 38. b5 cxb5 39. axb5
g4 40. Nf2 Rc1 41. Rd1 Rxd1 42. Nxd1 Nf6 43. Ne3 Kg6 44. Nc4 Nd5 45. Ne5 Kf6
46. Nc6 a6 47. bxa6 Nb6 48. a7 Ke6 49. Na5 Kd7 50. Nc4 Na8 51. Ne5 Kc7 52. Nf7
h5 53. Nh6 Kb7 54. Nxf5 Kxa7 55. Ng7 h4 56. Nh5 1/2-1/2

[Event "DVM U12w 2022"]
[Site "Berlin GER"]
[Date "2022.12.27"]
[Round "3"]
[White "Wieckowicz, Bui Ha My"]
[Black "Daaboul, Dima"]
[Result "0-1"]
[Termination "normal"]
[Board "5.4"]
[WhiteElo "765"]
[BlackElo "885"]
[WhiteTeam "Schachklub König Plauen"]
[BlackTeam "Schachgemeinschaft Porz e. V."]
[PlyCount "72"]
[WhiteFideId "34639918"]
[BlackFideId "34619720"]
[EventCountry "GER"]
[EventRounds "7"]
[EventType "team-swiss"]
[EventDate "2022.12.26"]

{normal} 1. e4 b6 2. Nf3 Bb7 3. Nc3 Nf6 4. Bc4 Nxe4 5. Nxe4 Bxe4 6. Ng5 Bg6 7.
d4 e6 8. O-O Be7 9. Nf3 Be4 10. Be2 O-O 11. Be3 d6 12. Bd3 Bb7 13. Qe2 Re8 14.
Rad1 Bh4 15. Rfe1 e5 16. c3 e4 17. Bb5 exf3 18. Bg5 fxe2 19. Bxd8 exd1=Q 20.
Rxd1 Rxd8 21. d5 c6 22. Bc4 Re8 23. g3 Bf6 24. Bd3 cxd5 25. Bb5 Re2 26. Bxe2
Nd7 27. Bb5 Ne5 28. b3 a6 29. Be2 b5 30. a3 Rc8 31. Rc1 d4 32. c4 d3 33. Bh5
bxc4 34. bxc4 Nxc4 35. a4 Re8 36. Rxc4 Re1# 0-1

[Event "DVM U12w 2022"]
[Site "Berlin GER"]
[Date "2022.12.27"]
[Round "3"]
[White "Le, Thao-Linh"]
[Black "Dominick, Johanna"]
[Result "1-0"]
[Termination "normal"]
[Board "6.1"]
[WhiteElo "1182"]
[BlackElo "1431"]
[WhiteTeam "TSG Oberschöneweide e.V."]
[BlackTeam "SC Borussia Lichtenberg"]
[PlyCount "133"]
[WhiteFideId "16279131"]
[BlackFideId "16296532"]
[EventCountry "GER"]
[EventRounds "7"]
[EventType "team-swiss"]
[EventDate "2022.12.26"]

{normal} 1. e4 d6 2. d4 Nf6 3. Nd2 g6 4. Bd3 Bg7 5. Ngf3 O-O 6. O-O Nc6 7. c3
b6 8. Re1 e5 9. Nf1 Bb7 10. Bg5 Qc8 11. Ng3 Qg4 12. Qd2 Qd7 13. h3 a6 14. Bh6
b5 15. a3 Rfe8 16. b4 Rf8 17. a4 Rfe8 18. axb5 axb5 19. Bxb5 Rxa1 20. Rxa1 Ra8
21. Rxa8 Bxa8 22. d5 Qe8 23. Bxg7 Kxg7 24. Nf5 Kh8 25. Ng3 Kg7 26. dxc6 h6 27.
Ba4 Bxc6 28. Bc2 Qa8 29. Qe1 Qa2 30. Bd3 Qa8 31. b5 Bb7 32. c4 c5 33. bxc6 Bxc6
34. Qe3 Qa1 35. Kh2 Qa8 36. c5 dxc5 37. Qxc5 Nd7 38. Qe7 Qf8 39. Qh4 g5 40. Nh5
Kg6 41. Qg4 Nf6 42. Nh4 Kh7 43. Qf5 Kg8 44. Nxf6 Kg7 45. Nf3 Qe7 46. Nh5 Kf8
47. Qh7 f6 48. Qh8 Kf7 49. Qg7 Ke8 50. Nxf6 Kd8 51. Qxe7 Kxe7 52. Ng8 Kf7 53.
Nxh6 Kg6 54. Nxe5 Kxh6 55. Nxc6 Kg7 56. Kg3 Kg6 57. e5 Kf7 58. Kg4 Ke6 59. Kxg5
Kf7 60. Bf5 Ke8 61. h4 Kf7 62. Bd7 Kg7 63. e6 Kh7 64. e7 Kg7 65. e8=Q Kh7 66.
Be6 Kg7 67. Qg8# 1-0

[Event "DVM U12w 2022"]
[Site "Berlin GER"]
[Date "2022.12.27"]
[Round "3"]
[White "Klymenko, Mariia"]
[Black "Weng, Yueyi Elina"]
[Result "0-1"]
[Termination "normal"]
[Board "6.2"]
[WhiteElo "996"]
[BlackElo "924"]
[WhiteTeam "SC Borussia Lichtenberg"]
[BlackTeam "TSG Oberschöneweide e.V."]
[PlyCount "100"]
[WhiteFideId "34620621"]
[BlackFideId "34639896"]
[EventCountry "GER"]
[EventRounds "7"]
[EventType "team-swiss"]
[EventDate "2022.12.26"]

{normal} 1. e4 e5 2. Nf3 Nc6 3. Bc4 Bc5 4. c3 Nf6 5. d3 d5 6. exd5 Nxd5 7. b4
Be7 8. b5 Na5 9. Nxe5 O-O 10. O-O Bf6 11. Re1 Re8 12. d4 Bxe5 13. Bxd5 Qxd5 14.
dxe5 Qxb5 15. h3 Bf5 16. Bf4 Nc4 17. Qd4 Rad8 18. Na3 Nxa3 19. Qb4 Qxb4 20.
cxb4 Nc2 21. Rec1 Nxa1 22. Rxa1 Rd7 23. Re1 f6 24. a3 Rde7 25. Bg3 fxe5 26. Bh4
Re6 27. g4 Bd3 28. f3 e4 29. fxe4 Rxe4 30. Rd1 g5 31. Bg3 Ba6 32. Rb1 Bb5 33.
Rc1 c6 34. Rd1 Re3 35. Bf2 Rxa3 36. Rd7 Ra1 37. Kg2 c5 38. Rc7 Bc6 39. Kg3 cxb4
40. Bd4 Ra3 41. Kf2 Rf3 42. Kg2 Rf7 43. Kg3 Rxc7 44. Kf2 Rf7 45. Kg3 Rf3 46.
Kh2 Re2 47. Kg1 b3 48. Bxa7 b2 49. Bf2 b1=Q 50. Be1 Qxe1# 0-1